书目信息 |
| 题名: |
生物材料与组织工程
|
|
| 作者: | 时东陆主编 | |
| 分册: | ||
| 出版信息: | 北京 清华大学出版社 2004.03 |
|
| 页数: | 246页 | |
| 开本: | 22cm | |
| 丛书名: | 21世纪科技前沿丛书 | |
| 单 册: | ||
| 中图分类: | R329 , Q81 | |
| 科图分类: | ||
| 主题词: | 组织培养 , 生物工程 | |
| 电子资源: | ||
| ISBN: | 7-302-05881-4 | |
| 000 | 00811oam2 2200277 45 | |
| 001 | 012004011170 | |
| 005 | 20050628091832.02 | |
| 010 | @a7-302-05881-4@b精装@dCNY58.00 | |
| 092 | @aCN@b安徽儒林-5-11170 | |
| 100 | @a20050318d2004 ekmy0 y0120 ea | |
| 101 | 0 | @aeng |
| 102 | @aCN@b110000 | |
| 105 | @ay z 000yy | |
| 200 | 1 | @a生物材料与组织工程@f时东陆主编 |
| 210 | @a北京@c清华大学出版社@d2004.03 | |
| 215 | @a246页@c图@d22cm | |
| 225 | 2 | @a21世纪科技前沿丛书 |
| 330 | @a本书共5章,分别是:生物活性材料、材料的生物适应性、无机玻璃的生物学应用、对于生物工艺学的生物合成材料以及细胞组织工艺学。 | |
| 606 | 1 | @a组织培养 |
| 606 | 0 | @a生物工程 |
| 690 | @aR329@v4 | |
| 690 | @aQ81@v3 | |
| 701 | 0 | @a时东陆主编 |
| 801 | 0 | @aCN@b安徽儒林@c20050628 |
| 905 | @dQ81@eS560 | |
| 906 | @dCNY58.00@n3@r1 | |
| 生物材料与组织工程/时东陆主编.-北京:清华大学出版社,2004.03 |
| 246页:图;22cm.-(21世纪科技前沿丛书) |
| ISBN 7-302-05881-4(精装):CNY58.00 |
| 本书共5章,分别是:生物活性材料、材料的生物适应性、无机玻璃的生物学应用、对于生物工艺学的生物合成材料以及细胞组织工艺学。 |
| ● |
| 相关链接 |
|
|
|
正题名:生物材料与组织工程
索取号:Q81/S560
 
预约/预借
| 序号 | 登录号 | 条形码 | 馆藏地/架位号 | 状态 | 备注 |
| 1 | 521393 | 205213936 | 自科库401/401自科库 32排1列2层/ [索取号:Q81/S560] | 在馆 | |
| 2 | 521394 | 205213945 | 自科库401/401自科库 32排1列2层/ [索取号:Q81/S560] | 在馆 | |
| 3 | 521395 | 205213954 | 自科库401/401自科库 32排1列2层/ [索取号:Q81/S560] | 在馆 |